000 00855nam a22002177a 4500
999 _c13792
_d13792
003 AR-CdUCM
008 190416b ||||| |||| 00| 0 spa d
040 _aMUNICIPALIDAD PROVINCIAL DEL CUSCO
_cBIBLIOTECA MUNICIPAL DEL CUSCO
082 _a030 /
_bEN56
110 _aEspasa - Calpe
_918256
245 _aEnciclopedia Universal Ilustrada :
_bEuropeo - Americana (suplemento anual 1961-1962) /
260 _aMadrid :
_bEspasa-Calpe,
_c1958.
300 _a1449 páginas ;
_bilustraciones, láminas, fotografías,
_c25 cm.
505 _aContenido: Aeronáutica -- Agricultura -- Antropología -- Artes plásticas -- Astronomía ...
650 _aEnciclopedia Universal
_918257
700 _aAguilera, Cerni
_932352
700 _aBalil, Giro
_932353
700 _aBas, Peired ... (colaboradores)
_932354
942 _2ddc
_cLIBROS
945 _aachl
_d2019-04-16